Top % of World Popolation (modern countries in history) - Statistics

General Stats
  • This quiz has been taken 51 times
  • The average score is 19 of 25
Answer Stats
% Century Answer % Correct
24 17th AD India (Mughal Empire)
98%
37 19th AD China (Qing Dinasty)
96%
6 19th AD France (French Colonial Empire)
96%
30 1st AD Italy (Roman Empire)
96%
12 16th AD Spain (Spanish Empire)
96%
23 19th AD UK (British Empire)
96%
6 20th AD USA
96%
44 5th BC Iran - (Achaemenid Empire - Persia)
93%
6 20th AD Japan (Japanese Empire)
91%
31 13th AD Mongolia (Mongol Empire)
91%
7 20th AD Germany (Nazi Empire)
89%
10 16th AD Portugal (Portuguese Empire)
89%
15 4th BC Greece (Macedonia - Empire of Alexander the Great)
87%
9,8 18th AD Russia (Russian Empire)
87%
7 16th AD Turkey (Ottoman Empire)
87%
5 14th AD Indonesia (Srivijaya / Majapahit Empire)
82%
23 13th AD Pakistan (Delhi Sultanate)
80%
6 18th AD Brazil (Portuguese Colony)
73%
19 3rd BC Bangladesh (Maurya Sultanate)
69%
13 1th AD Vietnam (Imperial Chinese Dynasties)
64%
25 8th AD Saudi Arabia (Umayyad Caliphate)
56%
5 1st AD Ethiopia (Ethiopian Empire)
49%
13 2nd AD Afghanistan (Kushan Empire / part of Maurya)
42%
15 7th AD Nepal (Empire of Harsha)
27%
13 9th AD Uzbekistan (Abbasid Caliphate, part of)
16%
No matching quizzes found
Score Distribution
Percent of People with Each Score
Percentile by Number Answered
Your Score History
You have not taken this quiz